Statistics for Countries in South America

Click here to take the quiz!

General Stats

  • This quiz has been taken 23 times
  • The average score is 11 of 12

Answer Stats

Answer% Correct
Argentina
100%
Brazil
100%
Colombia
100%
Peru
100%
Venezuela
100%
Bolivia
95%
Chile
95%
Guyana
95%
Ecuador
90%
Suriname
90%
Uruguay
90%
Paraguay
86%

Score Distribution

Percentile by Number Answered

Percent of People with Each Score

Your Score History

You have not taken this quiz